Statistics for Countries With The Most Obese Women

Click here to take the quiz!

General Stats

  • This quiz has been taken 23 times
  • The average score is 38 of 50

Answer Stats

%Country% Correct
37.7United States
100%
30.4Canada
94%
35.1Mexico
94%
65.8Nauru
94%
62.1Samoa
94%
33.4Argentina
89%
30.1Brazil
89%
52.0Kiribati
89%
35.0Oman
89%
29.5Australia
83%
32.1Chile
83%
42.5Egypt
83%
53.2FS Micronesia
83%
38.1Iraq
83%
33.2Morocco
83%
60.5Palau
83%
43.8Saudi Arabia
83%
58.1Tonga
83%
57.8Tuvalu
83%
37.9Algeria
78%
39.6Bahamas
78%
32.6Barbados
78%
33.5Iran
78%
38.9Lebanon
78%
32.5New Zealand
78%
45.6Qatar
78%
31.3Saint Kitts and Nevis
78%
35.6Syria
78%
36.0Tunisia
78%
38.3Bahrain
72%
30.9Grenada
72%
34.7Jamaica
72%
49.2Kuwait
72%
30.0Nicaragua
72%
29.4Panama
72%
42.3United Arab Emirates
72%
31.5Costa Rica
67%
31.7Cuba
67%
44.9Jordan
67%
40.9Turkey
67%
32.0Uruguay
67%
32.7Belize
61%
38.0Dominica
61%
35.4Dominican Republic
61%
41.0Libya
61%
40.7South Africa
61%
29.7Malta
56%
29.8Venezuela
56%
30.0El Salvador
50%
34.9Suriname
50%

Score Distribution

Percentile by Number Answered

Percent of People with Each Score

Your Score History

You have not taken this quiz